Strategy policy formation: an integrative approach

Salvato in:
Dettagli Bibliografici
Autori principali: Paine, Frank T. (Autore), Naumes, William (Autore)
Natura: Libro
Lingua:inglese
Pubblicazione: Filadelfia W. B. Saunders 1974
Soggetti:
Tags: Aggiungi Tag
Nessun Tag, puoi essere il primo ad aggiungerne!!

MARC

LEADER 00000nam a2200000 a 4500
001 UCR8564
003 CL-VaPUC
008 980529e19740000US |||||||||||||||||eng|d
082 0 4 |a 658.401  |b PAI  |2 21 
100 |a Paine, Frank T.  |e author  |9 410485 
700 0 |a Naumes, William  |e author  |9 410486 
245 1 0 |a Strategy policy formation: an integrative approach 
300 |a 296 p 
942 |c BK 
945 |d 19980529 00:00:00  |a cmena 
260 |a Filadelfia  |b W. B. Saunders  |c 1974 
650 0 |a Planificación estratégica   |9 259735 
650 0 |a Administración de empresas   |9 260833 
650 0 |a Política industrial  |9 334157 
650 0 |a Toma de decisiones   |9 257530 
650 0 |a Investigación de operaciones  |9 356906 
650 0 |a Programación de computadores   |9 259531 
583 |a last modification  |c 19980529 00:00:00  |k Rodrigo Vera 
999 |c 269964  |d 269962 
952 |0 0  |1 0  |4 0  |6 658_401000000000000_PAI_1974  |7 0  |8 P  |9 304053  |a BIBGIM  |b BIBGIM  |d 2019-11-20  |i 1410210  |o 658.401 PAI 1974  |p 1410210  |r 2025-01-15  |w 2019-11-20  |y BK  |k COM